000 01872nam a2200481 i 4500
001 119411
003 FINmELB
005 20241217175040.0
006 m o d |
007 cr cnu||||||||
008 211026s2021 mx a ob 001 0 spa d
020 _a9786071670458
_q(e-book)
020 _a9789681680107
_q(print)
035 _a(OCoLC)1285723724
040 _aFINmELB
_bspa
_erda
_cFINmELB
050 4 _aN6923.L33
_bK320 2021
080 _a73LEO
082 0 4 _a709.24
_223
100 1 _aKemp, Martín,
_eautor.
245 1 0 _aLeonardo /
_cMartin Kemp ; traducción de Juan Carlos Rodríguez Aguilar.
264 1 _aCuidad de México :
_bFCE - Fondo de Cultura Económica,
_c2021.
300 _a1 recurso en línea (306 páginas) :
_bilustraciones
336 _atexto
_btxt
_2rdacontent/spa
337 _acomputadora
_bc
_2rdamedia/spa
338 _arecurso en línea
_bcr
_2rdacarrier/spa
490 1 _aBreviarios ;
_v557
500 _aIncluye índice analítico.
500 _aIncluye índice de láminas y figuras.
500 _aIncluye índice.
504 _aIncluye bibliografía.
588 _aDescripción basada en metadatos suministrados por el editor y otras fuentes.
590 _aRecurso electrónico. Santa Fe, Arg.: elibro, 2021. Disponible vía World Wide Web. El acceso puede estar limitado para las bibliotecas afiliadas a elibro.
600 1 0 _aLeonardo, da Vinci,
_d1452-1519,
_xCriticism and interpretation.
600 1 4 _aLeonardo da Vinci,
_d1452-1519,
_xCrítica e interpretación.
655 4 _aLibros electrónicos.
700 1 _aRodríguez Aguilar, Juan Carlos,
_etraductor.
797 2 _aelibro, Corp.
830 0 _abreviarios ;
_v557.
856 4 0 _uhttps://elibro.net/ereader/politecnicointernacional/173452
999 _c119411
_d119411